000
00237nam a2200109Ia 4500
008
170627s9999 xx 000 0 und d
100
_a
PAUL- JUSTIN
245
0
_a
INTERNATIONAL BUSINESS
260
_b
PHI
260
_c
2005
546
_a
ENGLISH
690
_a
BUSINESS
999
_c
35410
_d
35410